| 000 | 00652nam a22002417a 4500 | ||
|---|---|---|---|
| 003 | OSt | ||
| 005 | 20220107122845.0 | ||
| 008 | 180925b xxu||||| |||| 00| 0 eng d | ||
| 020 | _a9788126554980 | ||
| 040 | _cIIITMK | ||
| 082 | _a005.432L BLU/L | ||
| 100 |
_aBlum, Richard _914967 |
||
| 245 |
_aLinux command line and shell scripting bible _cRichard Blum |
||
| 250 | _a3 | ||
| 260 |
_aNew Delhi, _bWiley, _c2015. |
||
| 300 | _axxxiv, 781p. | ||
| 650 |
_aCOMPUTER SCIENCE _914968 |
||
| 650 |
_aOPERATING SYSTEM _914969 |
||
| 650 |
_aLINUX _914970 |
||
| 650 |
_aSHELL SCRIPTING _914971 |
||
| 700 |
_aBresnahan, Christine _914972 |
||
| 942 |
_2ddc _cBK |
||
| 999 |
_c6246 _d6246 |
||